Unconventional Manufacturing Process / (Record no. 11505)

MARC details
000 -LEADER
fixed length control field 00451nam a2200145 a 4500
020 ## - INTERNATIONAL STANDARD BOOK NUMBER
ISBN 8122422446 (paperback)
020 ## - INTERNATIONAL STANDARD BOOK NUMBER
ISBN 9788122422443 (paperback)
100 1# - MAIN ENTRY--AUTHOR NAME
Personal name Singh, M. K.
245 10 - TITLE STATEMENT
Title Unconventional Manufacturing Process /
260 ## - PUBLICATION, DISTRIBUTION, ETC. (IMPRINT)
Place of publication [S.l.] :
Name of publisher New Age International Pvt Ltd Publishers,
Year of publication 2008.
300 ## - PHYSICAL DESCRIPTION
Number of Pages 209 p. ;
650 ## - SUBJECT ADDED ENTRY--TOPICAL TERM
Topical Term Manufacturing
856 40 - ELECTRONIC LOCATION AND ACCESS
Uniform Resource Identifier http://www.amazon.com/exec/obidos/ASIN/8122422446/chopaconline-20
942 ## - ADDED ENTRY ELEMENTS (KOHA)
Koha item type Books
Holdings
Withdrawn status Lost status Collection code Home library Current library Date acquired Cost, normal purchase price Full call number Accession Number Koha item type
    Reference Reference Section Reference Section 14/11/2014 402.00 658.519SIN (Shelf - 85E) 35876 Books